Центробежные вентиляторы

ग्रंथसूची विवरण
अन्य लेखक: Соломахова Т. С. (редактор)
भाषा:रूसी
प्रकाशित: Москва, Машиностроение, 1975
विषय:
स्वरूप: MixedMaterials पुस्तक
KOHA link:https://koha.lib.tpu.ru/cgi-bin/koha/opac-detail.pl?biblionumber=126455

MARC

LEADER 00000nam0a2200000 4500
001 126455
005 20231031131858.0
035 |a (RuTPU)RU\TPU\book\136804 
090 |a 126455 
100 |a 20071128d1975 km y0rusy50 ca 
101 0 |a rus 
102 |a RU 
105 |a a z 001zy 
200 1 |a Центробежные вентиляторы  |f под ред. Т. С. Соломаховой 
210 |a Москва  |c Машиностроение  |d 1975 
215 |a 416 с.  |c черт. 
320 |a Библиогр.: с. 405-413. 
610 1 |a вентиляторы 
610 1 |a центробежные вентиляторы 
610 1 |a конструкции 
610 1 |a аэродинамические расчеты 
610 1 |a работа 
610 1 |a выбор 
610 1 |a испытание 
610 1 |a шум 
610 1 |a прочность 
675 |a 621.63  |v 3 
702 1 |a Соломахова  |b Т. С.  |4 340 
801 1 |a RU  |b 63413507  |c 20071128  |g PSBO 
801 2 |a RU  |b 63413507  |c 20080526  |g PSBO 
942 |c BK